Drapeaux du monde - Edition Extrême - Statistiques

Statistiques générales
  • Ce quiz a été pris 112 fois
  • Le résultat moyen est 35 sur 110
Statistiques - réponses
Par images Réponse % Correct
Groenland
93%
Mayotte
92%
Écosse
89%
Pays de Galles
88%
Bretagne
85%
Angleterre
81%
Hong Kong
80%
Corse
79%
Porto Rico
72%
Macao
71%
Réunion
67%
Guam
65%
Guadeloupe
64%
Catalogne
63%
Man
60%
Curaçao
59%
Nouvelle-Calédonie
59%
Pays Basque
59%
Jersey
57%
Îles Cook
56%
Aruba
55%
Irlande du Nord
55%
Niue
53%
Tibet
52%
Îles vierges américaines
51%
Îles Féroé
48%
Bermudes
47%
Île Christmas
47%
Polynésie française
47%
Guernesey
45%
Île Norfolk
45%
Sardaigne
45%
Îles Vierges britanniques
44%
Saint-Pierre-et-Miquelon
44%
Samoa américaines
44%
Îles Cocos
43%
Martinique
43%
Anguilla
40%
Sahara occidental
40%
Sicile
40%
Wallis-et-Futuna
39%
Tokelau
37%
Îles Åland
36%
Îles Malouines
35%
Îles Turques-et-Caïques
35%
Somaliland
33%
Transnistrie
33%
Bonaire
32%
Îles Caïmans
32%
Açores
31%
Saint-Martin
31%
Zanzibar
31%
Haut-Karabagh
29%
Îles Mariannes du Nord
29%
Montserrat
28%
Kurdistan
27%
Saba
27%
Terres australes et antarctiques françaises
27%
Atoll Johnston
25%
Île de Pâques
25%
Îles Canaries
25%
Ossétie du Sud
25%
Abkhazie
23%
Îles Pitcairn
23%
Saint-Eustache
21%
Géorgie du Sud et les Îles Sandwich du Sud
20%
Madère
20%
Île Wake
19%
Sainte-Hélène
19%
Bougainville
17%
Ceuta
17%
Territoire britannique de l'océan Indien
17%
Tristan da Cunha
17%
Saint-Barthélemy
16%
Ascension
13%
Karakalpakistan
13%
Andalousie
12%
Crimée
12%
Tchétchénie
12%
Turkestan oriental
11%
Louhansk
9%
Puntland
9%
Bangsamoro
8%
Dépendance de Ross
8%
Gagaouzie
8%
Galice
8%
Tatarstan
8%
Ambazonie
7%
Atoll Midway
7%
Chuuk
7%
Herm
7%
Shetland
7%
Territoire antarctique britannique
7%
Atoll Palmyra
5%
Melilla
5%
Yap
5%
Donetsk
4%
Orcades
4%
République serbe de Bosnie
4%
Île de Navassa
3%
Sercq
3%
Voïvodine
3%
Aurigny
1%
Balouchistan
1%
Carélie
1%
Îles Juan Fernández
1%
Kosrae
1%
Pohnpei
1%
Bachkirie
0%
Îles Chatham
0%
Aucun quiz correspondant
Distribution des résultats
% des personnes avec chaque résultat
Percentile par nombre de réponses
Votre historique - résultats
Vous n’avez pas pris ce quiz